000 005860000a22002050004500
003 LK-CoMWRAF
005 20231010124309.0
008 230817t1996 ||||| |||| 00| 0 eng d
020 _a9960740862
040 _aLK-CoMWRAF
_dLK-CoMWRAF
_eLK-CoMWRAF
041 _aeng
082 _a297.814
_bBAZ
100 _aBaz, Abdul Aziz Bin Abdullah Bin
245 _aImam Muhammad Bin Abdul Wahhab :
_bHis life & mission
260 _aRiyadh :
_bDarussalam,
_c1997
300 _a47p
650 _aMuḥammad ibn ʿAbd al-Wahhāb
650 _a Muslims -- Saudi Arabia -- Biography
942 _cBK
999 _c982
_d982